000 00672nam a2200205 i 4500
001 182441
003 ES-MaACL
005 20230906221617.0
008 130814s1993 mx |||| | spa d
080 _a821.134.2(72)-14"19"
100 1 _aNaime, Alexander N.
_984863
245 1 0 _aCaín o la muerte infinita /
_cAlexander Naime ; [grabados: José Rosales Bruno].
260 _aToluca de Lerdo :
_bLa Tinta de Alcatraz,
_c1993.
300 _a[1o] p. :
_bil. ;
_c23 cm.
490 1 _aLa hoja murmurante ;
_v150
700 1 _aRosales Bruno, José.
_9153259
830 0 _aLa hoja murmurante ;
_v150
_9191753
852 _aES-MaACL
_j2325-F-3
999 _c182441
_d182441